| 000 | 01232nam a2200313 i 4500 | ||
|---|---|---|---|
| 001 | 000047414 | ||
| 003 | DO-SdBNP | ||
| 005 | 20250905141055.0 | ||
| 007 | ta | ||
| 008 | 180516s2002 dr a r 000 0 spa d | ||
| 040 |
_aDO-SdBNP _bspa _cBNPHU _erda |
||
| 041 | _aspa | ||
| 082 | 4 |
_a324.27293 _bA445p _222 |
|
| 100 | 1 |
_aAlmánzar, José Nicolás _eautor _4aut. _92511 |
|
| 245 | 1 | 0 |
_aPasado, presente y futuro del partido reformista social cristiano : _bhistoria del PRSC / _cJosé Nicolás Almánzar ; prólogo Joaquín Ricardo. |
| 264 |
_aSanto Domingo : _bFundación para la Promoción Política y Social, _c2002. |
||
| 300 |
_a411 páginas : _bilustraciones ; _c23 cm. |
||
| 336 |
_atexto _btxt _2rdacontent |
||
| 337 |
_asin mediación _bn _2rdamedia |
||
| 338 |
_avolumen _bnc _2rdacarrier |
||
| 500 | _aIncluye datos biográficos del autor en las solapas | ||
| 504 | _aBibliografía : páginas 408-409 | ||
| 590 | _aInventariado, 2018/ YL | ||
| 610 | 2 | 0 |
_aPartido Reformista Social Cristiano (República Dominicana) _92630 |
| 650 | 7 |
_aPartidos políticos _zRepública Dominicana _y1961- _964154 |
|
| 700 | 1 |
_aRicardo, Joaquín, _eprologuista _4pr. _975051 |
|
| 910 | _aValidado. Control de calidad MFF | ||
| 942 |
_2ddc _cLBS1 |
||
| 999 |
_c46902 _d46902 |
||